[Event "FRA-chT1 1011"]
[Site "France"]
[Date "2010.10.17"]
[Round "1.5"]
[White "Nass, Emile"]
[Black "Minet, Steve"]
[Result "1/2-1/2"]
[WhiteElo "2233"]
[BlackElo "2142"]
[PlyCount "34"]
[EventDate "2010.10.17"]
[EventType "team-tourn"]
[EventRounds "11"]
[EventCountry "FRA"]
[SourceTitle "EXT 2012"]
[Source "ChessBase"]
[SourceDate "2011.11.24"]
[SourceVersion "1"]
[SourceVersionDate "2011.11.24"]
[SourceQuality "1"]

1. d4 e6 2. Nf3 c5 3. g3 Nf6 4. Bg2 Nc6 5. c4 d5 6. 0-0 Be7 7. Nc3 0-0 8. cxd5 Nxd5 9. e4 Nxc3 10. bxc3 Bf6 11. Be3 Qa5 12. Qc2 Bd7 13. e5 Be7 14. Bg5 h6 15. Bxe7 Nxe7 16. Nd2 cxd4 17. cxd4 Bc6 1/2-1/2

[Event "FRA-chT1A 0809"]
[Site "France"]
[Date "2009.03.15"]
[Round "9.6"]
[White "Minet, Steve"]
[Black "Bressac, Stephane"]
[Result "0-1"]
[WhiteElo "2171"]
[BlackElo "2117"]
[PlyCount "96"]
[EventDate "2008.10.19"]
[EventType "team-tourn"]
[EventRounds "11"]
[EventCountry "FRA"]
[SourceTitle "EXT 2010"]
[Source "ChessBase"]
[SourceDate "2010.11.25"]
[SourceVersion "1"]
[SourceVersionDate "2010.11.25"]
[SourceQuality "1"]
[WhiteTeam "Besancon TPG"]
[BlackTeam "Nice"]
[WhiteTeamCountry "FRA"]
[BlackTeamCountry "FRA"]

1. e4 e6 2. d4 d5 3. Nc3 Nf6 4. Bg5 Bb4 5. e5 h6 6. Bd2 Bxc3 7. bxc3 Ne4 8. Bd3 Nxd2 9. Qxd2 c5 10. Nf3 Nc6 11. 0-0 c4 12. Be2 Bd7 13. Ne1 b5 14. f4 Ne7 15. g4 g6 16. Ng2 Qb6 17. Ne3 0-0-0 18. a4 a6 19. Rfb1 g5 20. fxg5 hxg5 21. axb5 Bxb5 22. Bxc4 dxc4 23. Nxc4 Qc5 24. Nd6+ Rxd6 25. exd6 Nd5 26. d7+ Kxd7 27. Rxb5 Qxb5 28. Qxg5 Qe2 29. Qe5 Qxg4+ 30. Qg3 Qxg3+ 31. hxg3 Rc8 32. Rxa6 Rxc3 33. Ra7+ Nc7 34. Kf2 Rxc2+ 35. Kf3 Rc3+ 36. Kf4 Kd6 37. Ra4 Nd5+ 38. Kg4 f5+ 39. Kh4 Nf6 40. Ra8 Rd3 41. Kg5 Ne4+ 42. Kf4 Rxd4 43. Rd8+ Kc5 44. Rc8+ Kd5 45. Rd8+ Nd6+ 46. Ke3 Ra4 47. Kf3 Ra3+ 48. Kf2 Ke5 0-1

[Event "FRA-chT1A 0809"]
[Site "France"]
[Date "2008.12.13"]
[Round "4.7"]
[White "Minet, Steve"]
[Black "Langevin, Philippe"]
[Result "1/2-1/2"]
[WhiteElo "2171"]
[BlackElo "2121"]
[PlyCount "116"]
[EventDate "2008.10.19"]
[EventType "team-tourn"]
[EventRounds "11"]
[EventCountry "FRA"]
[SourceTitle "EXT 2010"]
[Source "ChessBase"]
[SourceDate "2010.11.25"]
[SourceVersion "1"]
[SourceVersionDate "2010.11.25"]
[SourceQuality "1"]
[WhiteTeam "Besancon TPG"]
[BlackTeam "Hyeres"]
[WhiteTeamCountry "FRA"]
[BlackTeamCountry "FRA"]

1. e4 c5 2. Nf3 d6 3. Bb5+ Bd7 4. Bxd7+ Qxd7 5. 0-0 Nc6 6. c4 g6 7. d4 cxd4 8. Nxd4 Bg7 9. Be3 Nf6 10. f3 0-0 11. Nc3 Rfd8 12. Qd2 Rac8 13. b3 e6 14. Rac1 d5 15. cxd5 exd5 16. Nxc6 bxc6 17. Rfd1 Qe7 18. exd5 Nxd5 19. Nxd5 Rxd5 20. Qf2 Qd7 21. Rxd5 cxd5 22. Rxc8+ Qxc8 23. Qd2 Qf5 24. Bxa7 d4 25. Kf2 Qd7 26. Bc5 h5 27. a4 Qd5 28. b4 Qc4 29. f4 d3 30. Ke3 Bh6 31. g3 g5 32. Qxd3 gxf4+ 33. gxf4 Qxf4+ 34. Ke2 Qxh2+ 35. Kf3 Qh3+ 36. Ke4 Qe6+ 37. Kf3 Qg4+ 38. Kf2 Bg5 39. Qf3 Bh4+ 40. Ke2 Qe6+ 41. Kf1 Qa6+ 42. Kg2 Qxa4 43. Qxh5 Qc6+ 44. Kh3 Bf6 45. Qg4+ Kh7 46. Qf5+ Kg8 47. Kg3 Bd8 48. Qg4+ Qg6 49. Qxg6+ fxg6 50. Kf4 g5+ 51. Ke5 Kf7 52. Kd6 Be7+ 53. Kd7 Bxc5 54. bxc5 g4 55. c6 g3 56. c7 g2 57. c8Q g1Q 58. Qe8+ Kg7 1/2-1/2

[Event "FRA-chT1A 0809"]
[Site "France"]
[Date "2008.10.19"]
[Round "1.6"]
[White "Benedic, Patrick"]
[Black "Minet, Steve"]
[Result "0-1"]
[WhiteElo "2091"]
[BlackElo "2171"]
[PlyCount "60"]
[EventDate "2008.10.19"]
[EventType "team-tourn"]
[EventRounds "11"]
[EventCountry "FRA"]
[SourceTitle "EXT 2010"]
[Source "ChessBase"]
[SourceDate "2010.11.25"]
[SourceVersion "1"]
[SourceVersionDate "2010.11.25"]
[SourceQuality "1"]
[WhiteTeam "Lyon Olympique"]
[BlackTeam "Besancon TPG"]
[WhiteTeamCountry "FRA"]
[BlackTeamCountry "FRA"]

1. e4 b6 2. d4 Bb7 3. Nd2 e6 4. Ngf3 c5 5. dxc5 Bxc5 6. Bd3 Ne7 7. 0-0 0-0 8. c3 Ng6 9. Nb3 Be7 10. Qe2 Qc7 11. Re1 Nc6 12. a4 Nce5 13. Bc2 Nxf3+ 14. Qxf3 f5 15. Qe2 Bd6 16. h3 Bh2+ 17. Kh1 fxe4 18. Bxe4 Bxe4 19. Qxe4 Rae8 20. Be3 Bf4 21. Nd4 d5 22. Qd3 Qf7 23. Nf3 e5 24. Ng5 Qb7 25. Bxf4 Rxf4 26. Qg3 Qc6 27. Nf3 Qf6 28. Re2 Rf8 29. Kg1 h5 30. Rae1 h4 0-1

[Event "FRA-ch op-A"]
[Site "Aix les Bains"]
[Date "2007.08.25"]
[Round "11"]
[White "Minet, Steve"]
[Black "Thely, Ludovic"]
[Result "1/2-1/2"]
[WhiteElo "2176"]
[BlackElo "2089"]
[PlyCount "153"]
[EventDate "2007.08.13"]
[EventType "swiss"]
[EventRounds "11"]
[EventCountry "FRA"]
[SourceTitle "CBM 120 Extra"]
[Source "ChessBase"]
[SourceDate "2007.11.01"]
[SourceVersion "1"]
[SourceVersionDate "2007.11.01"]
[SourceQuality "1"]

1. b3 e5 2. Bb2 Nc6 3. e3 Nf6 4. Bb5 Bd6 5. Nf3 e4 6. Nd4 Nxd4 7. Bxd4 c6 8. Be2 Qe7 9. d3 Be5 10. Bxe5 Qxe5 11. d4 Qg5 12. g3 d5 13. c4 Bh3 14. Nc3 0-0 15. Qd2 Rfe8 16. 0-0-0 Qf5 17. Bf1 Bg4 18. Re1 Rec8 19. c5 b6 20. Na4 Nd7 21. h3 Bf3 22. Rg1 bxc5 23. Nxc5 Nxc5 24. dxc5 a5 25. Qd4 Rcb8 26. g4 Qg5 27. Kb2 Rb4 28. Qc3 Qh4 29. Rg3 Rd8 30. Be2 d4 31. exd4 Rbxd4 32. Bxf3 Qf6 33. Rc1 exf3 34. Rxf3 Qg5 35. Re3 Qf4 36. Rc2 a4 37. Rce2 h6 38. Qc2 Qb8 39. Re4 axb3 40. axb3 Rd3 41. Re8+ Rxe8 42. Qxd3 Re5 43. Qc4 Qe8 44. Rxe5 Qxe5+ 45. Qc3 Qe2+ 46. Qc2 Qf3 47. Qf5 Qe2+ 48. Kc3 Qe1+ 49. Kd4 Qb4+ 50. Ke3 Qxb3+ 51. Qd3 Qb8 52. f4 Qb4 53. Qd8+ Kh7 54. Qd4 Qe1+ 55. Kf3 Qh1+ 56. Kg3 Qe1+ 57. Kf3 Qh1+ 58. Kg3 Qe1+ 59. Kg2 Qe2+ 60. Qf2 Qe4+ 61. Kg3 Qd5 62. Qc2+ Kg8 63. Qc3 f6 64. h4 Kf7 65. h5 Kg8 66. Qe3 Kh7 67. Kf2 Kh8 68. Qe8+ Kh7 69. Qg6+ Kh8 70. Qf5 Qxf5 71. gxf5 Kg8 72. Ke2 Kf7 73. Kd2 Ke7 74. Kc3 Kd7 75. Kb4 Kc7 76. Ka5 Kb7 77. Kb4 1/2-1/2

[Event "FRA-ch op-A"]
[Site "Aix les Bains"]
[Date "2007.08.15"]
[Round "2"]
[White "Minet, Steve"]
[Black "Donskoi, Karel"]
[Result "0-1"]
[WhiteElo "2176"]
[BlackElo "2054"]
[PlyCount "138"]
[EventDate "2007.08.13"]
[EventType "swiss"]
[EventRounds "11"]
[EventCountry "FRA"]
[SourceTitle "CBM 120 Extra"]
[Source "ChessBase"]
[SourceDate "2007.11.01"]
[SourceVersion "1"]
[SourceVersionDate "2007.11.01"]
[SourceQuality "1"]

1. e4 c6 2. Nc3 d5 3. Nf3 Bg4 4. h3 Bh5 5. exd5 cxd5 6. g4 Bg6 7. Ne5 Nc6 8. Bb5 Rc8 9. Qf3 e6 10. h4 f6 11. Nxg6 hxg6 12. d4 Kf7 13. Be3 Bb4 14. h5 gxh5 15. gxh5 Qa5 16. Bd3 Bxc3+ 17. bxc3 Qxc3+ 18. Ke2 Nxd4+ 19. Bxd4 Qxd4 20. Rab1 b6 21. Bg6+ Kf8 22. Qa3+ Ne7 23. Rh3 Qc5 24. Rbb3 Qxa3 25. Rxa3 Nxg6 26. hxg6 Rxh3 27. Rxh3 Rxc2+ 28. Ke1 Rxa2 29. Rh8+ Ke7 30. Rg8 f5 31. Rxg7+ Kf6 32. Rg8 a5 33. Re8 Ra1+ 34. Ke2 Rg1 35. Rf8+ Kg7 36. Rb8 Rxg6 37. Rxb6 Kf6 38. Ra6 Rg4 39. Rxa5 Rb4 40. Ra6 f4 41. Ra8 Ke5 42. Ra2 Rb3 43. Ra4 f3+ 44. Kd2 d4 45. Ra5+ Ke4 46. Ra2 e5 47. Kc1 Rb8 48. Kc2 Rh8 49. Ra1 Kf4 50. Kd3 Rb8 51. Ra7 Rb3+ 52. Kc2 Rc3+ 53. Kd2 Ke4 54. Ra8 Rc6 55. Ra7 Kd5 56. Rf7 e4 57. Rf5+ Kc4 58. Re5 Ra6 59. Rxe4 Ra2+ 60. Kc1 Rxf2 61. Re8 Ra2 62. Kb1 f2 63. Kxa2 f1Q 64. Rc8+ Kd3 65. Kb2 Qd1 66. Rd8 Qd2+ 67. Kb1 Qb4+ 68. Kc1 Qc5+ 69. Kd1 Qc2+ 0-1

[Event "FRA-chT1B 0607"]
[Site "France"]
[Date "2007.01.20"]
[Round "5.5"]
[White "Safranska, Anda"]
[Black "Minet, Steve"]
[Result "1-0"]
[WhiteElo "2303"]
[BlackElo "2175"]
[PlyCount "65"]
[EventDate "2006.10.15"]
[EventType "team"]
[EventRounds "11"]
[EventCountry "FRA"]
[SourceTitle "EXT 2008"]
[Source "ChessBase"]
[SourceDate "2007.11.25"]
[SourceVersion "1"]
[SourceVersionDate "2007.11.25"]
[SourceQuality "1"]
[WhiteTeam "Lyon Olympique"]
[BlackTeam "Reims"]
[WhiteTeamCountry "FRA"]
[BlackTeamCountry "FRA"]

1. e4 c6 2. d3 d5 3. Nd2 Nf6 4. Ngf3 Bg4 5. h3 Bh5 6. Qe2 e6 7. g3 dxe4 8. dxe4 Nbd7 9. Bg2 Qc7 10. 0-0 Bc5 11. Kh1 0-0-0 12. Nb3 Bb6 13. a4 a6 14. a5 Ba7 15. Nbd2 e5 16. b4 g5 17. Nc4 g4 18. Nh4 gxh3 19. Bf3 Bg6 20. Bh6 c5 21. c3 Qc6 22. Rfe1 Bxe4 23. Bxe4 Nxe4 24. Qxe4 Qxh6 25. Nf5 Nf6 26. Ncd6+ Rxd6 27. Nxd6+ Kc7 28. Qxb7+ Kxd6 29. Qxa6+ Ke7 30. Qxa7+ Nd7 31. Rxe5+ Kd8 32. Rd5 Qe6 33. Qb6+ 1-0

[Event "FRA-chT1B 0607"]
[Site "France"]
[Date "2006.10.15"]
[Round "1.2"]
[White "Minet, Steve"]
[Black "Velikov, Petar"]
[Result "0-1"]
[WhiteElo "2180"]
[BlackElo "2467"]
[PlyCount "74"]
[EventDate "2006.10.15"]
[EventType "team"]
[EventRounds "11"]
[EventCountry "FRA"]
[SourceTitle "EXT 2008"]
[Source "ChessBase"]
[SourceDate "2007.11.25"]
[SourceVersion "1"]
[SourceVersionDate "2007.11.25"]
[SourceQuality "1"]
[WhiteTeam "Reims"]
[BlackTeam "Vincennes"]
[WhiteTeamCountry "FRA"]
[BlackTeamCountry "FRA"]

1. e4 c5 2. Nf3 e6 3. d4 cxd4 4. Nxd4 a6 5. Bd3 Nf6 6. 0-0 Qc7 7. c4 Nc6 8. Nxc6 dxc6 9. Nc3 e5 10. f4 Ng4 11. Qe2 Bc5+ 12. Kh1 Qd8 13. g3 Nf2+ 14. Rxf2 Bxf2 15. fxe5 Bd4 16. Bf4 h5 17. e6 Bxe6 18. e5 Bxc3 19. bxc3 Qd7 20. Bg5 Bf5 21. Be4 Bxe4+ 22. Qxe4 Qg4 23. Qf4 0-0 24. Be7 Rfe8 25. Bd6 b5 26. Qxg4 hxg4 27. Rf1 Re6 28. c5 Rae8 29. Re1 f6 30. Kg1 Rxe5 31. Bxe5 Rxe5 32. Rd1 Rxc5 33. Rd3 Rd5 34. Re3 Rd1+ 35. Kf2 Rd2+ 36. Ke1 Rxa2 37. Re6 c5 0-1

[Event "FRA-ch Accession"]
[Site "Besancon"]
[Date "2006.08.16"]
[Round "2"]
[White "Fargere, Francois"]
[Black "Minet, Steve"]
[Result "1-0"]
[WhiteElo "2311"]
[BlackElo "2196"]
[PlyCount "47"]
[EventDate "2006.08.15"]
[EventType "swiss"]
[EventRounds "10"]
[EventCountry "FRA"]
[SourceTitle "CBM 113 Extra"]
[Source "ChessBase"]
[SourceDate "2006.09.14"]
[SourceVersion "1"]
[SourceVersionDate "2006.09.14"]
[SourceQuality "1"]

1. e4 c5 2. Nf3 d6 3. d4 cxd4 4. Nxd4 Nf6 5. Nc3 a6 6. Bc4 e6 7. Bb3 Nbd7 8. Bg5 Qa5 9. Bxf6 Nxf6 10. 0-0 Be7 11. f4 0-0 12. f5 Qc5 13. fxe6 fxe6 14. Kh1 d5 15. e5 Ne8 16. Qg4 Nc7 17. Na4 Qa7 18. Rxf8+ Bxf8 19. Rf1 Bc5 20. Qf4 h6 21. Qf7+ Kh8 22. Qxc7 Bxd4 23. Rf8+ Kh7 24. c3 1-0

[Event "Val Thorens op 32nd"]
[Site "Val Thorens"]
[Date "2006.07.19"]
[Round "5"]
[White "Philippe, Christophe"]
[Black "Minet, Steve"]
[Result "1-0"]
[WhiteElo "2411"]
[BlackElo "2198"]
[PlyCount "46"]
[EventDate "2006.07.15"]
[EventType "swiss"]
[EventRounds "9"]
[EventCountry "FRA"]
[SourceTitle "EXT 2010"]
[Source "ChessBase"]
[SourceDate "2010.11.25"]
[SourceVersion "1"]
[SourceVersionDate "2010.11.25"]
[SourceQuality "1"]

1. e4 c6 2. d4 d5 3. Nc3 dxe4 4. Nxe4 Nf6 5. Nxf6+ gxf6 6. c3 Bf5 7. Nf3 Qc7 8. g3 Nd7 9. Bg2 e6 10. Qd2 0-0-0 11. 0-0 h5 12. Nh4 Bd6 13. b4 Bg4 14. Qb2 Nb6 15. a4 e5 16. b5 c5 17. a5 Nc4 18. b6 axb6 19. axb6 Nxb6 20. Be3 e4 21. Rfb1 Nd5 22. Bxe4 Nxe3 23. Qb5 Qb8 1-0

[Event "Cappelle op 22nd"]
[Site "Cappelle la Grande"]
[Date "2006.02.20"]
[Round "4"]
[White "Tissir, Mohamed"]
[Black "Minet, Steve"]
[Result "1-0"]
[WhiteElo "2444"]
[BlackElo "2149"]
[PlyCount "61"]
[EventDate "2006.02.18"]
[EventType "swiss"]
[EventRounds "10"]
[EventCountry "FRA"]
[SourceTitle "CBM 110 Extra"]
[Source "ChessBase"]
[SourceDate "2006.03.10"]
[SourceVersion "2"]
[SourceVersionDate "2006.03.10"]
[SourceQuality "1"]

1. e4 c6 2. Nc3 d5 3. Qe2 dxe4 4. Nxe4 Nf6 5. d3 Bf5 6. Nf3 e6 7. Bd2 Nbd7 8. 0-0-0 Qb6 9. Nxf6+ Nxf6 10. Ne5 h6 11. g4 Bh7 12. f4 Qc7 13. f5 0-0-0 14. fxe6 fxe6 15. Nc4 Re8 16. h4 Bc5 17. Bh3 Nd7 18. Bc3 Nb6 19. Be5 Qe7 20. Bg3 Nxc4 21. dxc4 Bb6 22. Rd6 Bc7 23. c5 g5 24. Bg2 Bxd6 25. cxd6 Qd7 26. hxg5 hxg5 27. Qe5 b6 28. b4 Kb7 29. b5 Rc8 30. bxc6+ Rxc6 31. Qxh8 1-0

[Event "FRA-chT Top 16 GP Basse"]
[Site "Port Barcares"]
[Date "2005.05.05"]
[Round "9.4"]
[White "Marciano, David"]
[Black "Minet, Steve"]
[Result "1-0"]
[WhiteElo "2522"]
[BlackElo "2141"]
[PlyCount "67"]
[EventDate "2005.05.04"]
[EventType "team-tourn"]
[EventRounds "4"]
[EventCountry "FRA"]
[SourceTitle "EXT 2006"]
[Source "ChessBase"]
[SourceDate "2005.11.24"]
[SourceVersion "1"]
[SourceVersionDate "2005.11.24"]
[SourceQuality "1"]
[WhiteTeam "Monaco"]
[BlackTeam "Reims"]
[WhiteTeamCountry "MNC"]
[BlackTeamCountry "FRA"]

1. e4 e6 2. d4 c5 3. c3 b6 4. Nf3 Bb7 5. Bd3 Nf6 6. e5 Nd5 7. 0-0 Nc6 8. c4 Ndb4 9. Be4 d5 10. exd6 Bxd6 11. a3 Na6 12. Nc3 cxd4 13. Nxd4 Qd7 14. Ncb5 Rd8 15. Nxc6 Bxh2+ 16. Kxh2 Qxd1 17. Rxd1 Rxd1 18. Bf3 Rf1 19. Nd6+ Kd7 20. Nxb7 f6 21. b4 Rxf2 22. Nxa7 Rxf3 23. gxf3 Kc7 24. Be3 Kxb7 25. Rd1 Kxa7 26. Rd7+ Kb8 27. Bxb6 Rc8 28. c5 Nc7 29. c6 Nb5 30. Rb7+ Ka8 31. Bc5 Nc3 32. Rb6 Rd8 33. c7 Rc8 34. Bd6 1-0

[Event "FRA-chT Top 16 GpA"]
[Site "Noyon"]
[Date "2005.02.04"]
[Round "1.5"]
[White "Minet, Steve"]
[Black "Netzer, Jean"]
[Result "1-0"]
[WhiteElo "2152"]
[BlackElo "2384"]
[PlyCount "81"]
[EventDate "2005.03.31"]
[EventType "team-tourn"]
[EventRounds "7"]
[EventCountry "FRA"]
[SourceTitle "CBM 106"]
[Source "ChessBase"]
[SourceDate "2005.06.06"]
[SourceVersion "1"]
[SourceVersionDate "2005.06.06"]
[SourceQuality "1"]
[WhiteTeam "Reims"]
[BlackTeam "Bischwiller"]
[WhiteTeamCountry "FRA"]
[BlackTeamCountry "FRA"]

1. e4 c5 2. Nf3 e6 3. c3 d5 4. e5 d4 5. Bb5+ Bd7 6. a4 a6 7. Bxd7+ Qxd7 8. 0-0 Nc6 9. Na3 Rd8 10. Qb3 Nge7 11. cxd4 cxd4 12. d3 Ng6 13. Nc4 Bc5 14. Bg5 Rb8 15. Rfe1 0-0 16. h4 h6 17. h5 Nge7 18. Bf4 Nd5 19. Re4 Rfc8 20. g4 b5 21. axb5 axb5 22. Ncd2 Nxf4 23. Rxf4 Be7 24. Re1 Qd8 25. Qd1 Bg5 26. Rfe4 Bxd2 27. Qxd2 Rb7 28. Qf4 Rd7 29. g5 Kh7 30. Kh2 Nb4 31. gxh6 gxh6 32. Rg1 Nxd3 33. Qg3 Qf8 34. Nxd4 Nb4 35. Rg4 Nd5 36. Rg7+ Kh8 37. Nxe6 fxe6 38. Rxd7 Nf4 39. Qg7+ Qxg7 40. Rgxg7 Nxh5 41. Rg6 1-0

[Event "FRA-chT4"]
[Site "Champagne Ardenne"]
[Date "2005.01.09"]
[Round "4"]
[White "Lassalle, Arnaud"]
[Black "Minet, Steve"]
[Result "0-1"]
[WhiteElo "2152"]
[BlackElo "1970"]
[PlyCount "30"]
[EventDate "2005.01.09"]
[EventRounds "7"]
[EventCountry "FRA"]
[SourceTitle "EXT 2007"]
[Source "ChessBase"]
[SourceDate "2006.11.23"]
[SourceVersion "1"]
[SourceVersionDate "2006.11.23"]
[SourceQuality "1"]

1. e4 c6 2. d4 d5 3. Nd2 dxe4 4. Nxe4 Nf6 5. Nxf6+ gxf6 6. Bc4 Bf5 7. Bf4 Nd7 8. Nf3 e6 9. Qe2 Qb6 10. c3 0-0-0 11. 0-0-0 Qa5 12. Nh4 Nb6 13. Bb3 Bg6 14. Nxg6 hxg6 15. Kb1 Qf5+ 0-1

[Event "Reims op 2nd"]
[Site "Reims "]
[Date "2005.??.??"]
[Round "1"]
[White "Guyon, Cindy"]
[Black "Minet, Steve"]
[Result "0-1"]
[WhiteElo "1825"]
[BlackElo "2149"]
[PlyCount "56"]
[EventDate "2005.12.27"]
[EventType "swiss"]
[EventRounds "7"]
[EventCountry "FRA"]
[SourceTitle "EXT 2008"]
[Source "ChessBase"]
[SourceDate "2007.11.25"]
[SourceVersion "1"]
[SourceVersionDate "2007.11.25"]
[SourceQuality "1"]

1. d4 e6 2. c4 Nf6 3. Nc3 Bb4 4. e3 0-0 5. Bd3 c5 6. Nf3 b6 7. Bd2 Bb7 8. 0-0 cxd4 9. exd4 d5 10. a3 dxc4 11. Bxc4 Be7 12. Be3 Nc6 13. Rc1 Na5 14. Ba2 Rc8 15. Qe2 Nd5 16. Nxd5 Bxd5 17. Rxc8 Qxc8 18. Bxd5 exd5 19. Rc1 Qe6 20. Qe1 Nc4 21. Rc2 Re8 22. Bd2 Qf5 23. Qc1 Bd6 24. Bc3 f6 25. Bb4 Bf4 26. Qd1 a5 27. Bd2 Bxd2 28. Nxd2 Qd3 0-1

[Event "Reims op 2nd"]
[Site "Reims "]
[Date "2005.??.??"]
[Round "3"]
[White "Minet, Steve"]
[Black "Couvreur, Remi"]
[Result "1-0"]
[WhiteElo "2149"]
[BlackElo "1860"]
[PlyCount "41"]
[EventDate "2005.12.27"]
[EventType "swiss"]
[EventRounds "7"]
[EventCountry "FRA"]
[SourceTitle "EXT 2008"]
[Source "ChessBase"]
[SourceDate "2007.11.25"]
[SourceVersion "1"]
[SourceVersionDate "2007.11.25"]
[SourceQuality "1"]

1. e4 e6 2. d4 d5 3. Nc3 Bb4 4. a3 Bxc3+ 5. bxc3 dxe4 6. Qg4 Nf6 7. Qxg7 Rg8 8. Qh6 Rg6 9. Qe3 Nbd7 10. Ne2 b6 11. Nf4 Rg8 12. Bc4 Bb7 13. a4 a5 14. Ba3 Ng4 15. Qe2 Qf6 16. g3 c5 17. h3 Nh6 18. 0-0-0 Nf5 19. d5 Qxc3 20. Bb2 Qf3 21. dxe6 1-0

[Event "FRA-chT4"]
[Site "Ech Ardennais/La Francheville"]
[Date "2004.10.10"]
[Round "1"]
[White "Minet, Steve"]
[Black "Thevenin, Alain"]
[Result "1-0"]
[WhiteElo "2152"]
[BlackElo "2100"]
[PlyCount "27"]
[EventDate "2004.10.10"]
[EventType "team"]
[EventRounds "3"]
[EventCountry "FRA"]
[SourceTitle "EXT 2007"]
[Source "ChessBase"]
[SourceDate "2006.11.23"]
[SourceVersion "1"]
[SourceVersionDate "2006.11.23"]
[SourceQuality "1"]

1. e4 c6 2. d4 d5 3. exd5 cxd5 4. c4 Nf6 5. Nc3 g6 6. Bg5 Bg7 7. Bxf6 Bxf6 8. Nxd5 Bg7 9. Nf3 Nc6 10. Qb3 0-0 11. 0-0-0 Bg4 12. Qxb7 Bxf3 13. gxf3 Qd6 14. Qxc6 1-0

[Event "FRA-chT2 0304"]
[Site "France"]
[Date "2003.10.12"]
[Round "?"]
[White "Narchi, Marcel"]
[Black "Minet, Steve"]
[Result "0-1"]
[WhiteElo "2205"]
[BlackElo "2144"]
[PlyCount "114"]
[EventDate "2003.10.??"]
[EventType "team"]
[EventRounds "11"]
[EventCountry "FRA"]
[SourceTitle "EXT 2005"]
[Source "ChessBase"]
[SourceDate "2004.11.15"]
[SourceVersion "1"]
[SourceVersionDate "2004.11.15"]
[SourceQuality "1"]

1. e4 c6 2. d4 d5 3. Nc3 dxe4 4. Nxe4 Nf6 5. Ng5 h6 6. N5f3 Bg4 7. h3 Bf5 8. Bc4 Nbd7 9. Ne2 e6 10. Ng3 Bh7 11. Qe2 Be7 12. 0-0 Qc7 13. Re1 0-0-0 14. c3 g5 15. a4 Bg6 16. a5 Nh5 17. Nxh5 Bxh5 18. b4 g4 19. hxg4 Bxg4 20. Qe3 Rdg8 21. b5 Bh3 22. Bf1 Rg7 23. b6 axb6 24. axb6 Nxb6 25. Kh1 Bf5 26. c4 Bg5 27. Qb3 Bxc1 28. c5 Nd7 29. Ra8+ Nb8 30. Rxc1 Rg5 31. g3 Be4 32. Bg2 Bxf3 33. Qxf3 h5 34. Ra3 Rf5 35. Qe2 h4 36. Kg1 hxg3 37. Rxg3 Qf4 38. Qe3 Rd8 39. Rd1 Qxe3 40. fxe3 Rxc5 41. Rf1 Rc3 42. Rxf7 Rxd4 43. Rf8+ Rd8 44. Rf6 Rd6 45. Bh3 Nd7 46. Rxe6 Rxe6 47. Bxe6 b5 48. Kf2 Kc7 49. Ke2 Kd6 50. Bxd7 Kxd7 51. Kd2 b4 52. Rg6 c5 53. Rb6 Kc7 54. Rb5 Kc6 55. Rb8 Kd5 56. Rb7 Kc4 57. Rb8 Rd3+ 0-1

[Event "FRA-ch Accession"]
[Site "Aix les Bains"]
[Date "2003.08.19"]
[Round "3"]
[White "Minet, Steve"]
[Black "Flouzat, Jean Marc"]
[Result "0-1"]
[WhiteElo "2366"]
[BlackElo "2219"]
[PlyCount "42"]
[EventDate "2003.08.19"]
[EventType "swiss"]
[EventRounds "11"]
[EventCountry "FRA"]
[SourceTitle "EXT 2004"]
[Source "ChessBase"]
[SourceDate "2003.11.25"]
[SourceVersion "1"]
[SourceVersionDate "2003.11.25"]
[SourceQuality "1"]

1. e4 c6 2. d4 d5 3. Nc3 dxe4 4. Nxe4 Nd7 5. Bc4 Ngf6 6. Ng5 e6 7. Qe2 Nb6 8. N1f3 Nxc4 9. Qxc4 h6 10. Nh3 Qd5 11. Qe2 g5 12. Qe5 Qxe5+ 13. Nxe5 c5 14. Be3 Nd5 15. 0-0-0 b5 16. Rhe1 Bb7 17. dxc5 Nxe3 18. Rxe3 Bxc5 19. Rc3 Be7 20. Rd7 Bxg2 21. Rcc7 Bd8 0-1

[Event "FRA-ch Accession"]
[Site "Aix les Bains"]
[Date "2003.08.19"]
[Round "1"]
[White "Minet, Steve"]
[Black "Mevel, Alberic"]
[Result "0-1"]
[WhiteElo "2366"]
[BlackElo "2503"]
[PlyCount "48"]
[EventDate "2003.08.19"]
[EventType "swiss"]
[EventRounds "11"]
[EventCountry "FRA"]
[SourceTitle "EXT 2004"]
[Source "ChessBase"]
[SourceDate "2003.11.25"]
[SourceVersion "1"]
[SourceVersionDate "2003.11.25"]
[SourceQuality "1"]

1. e4 d5 2. exd5 Nf6 3. c4 e6 4. dxe6 Bxe6 5. Nf3 Nc6 6. d4 Bb4+ 7. Bd2 Qe7 8. Qe2 0-0-0 9. d5 Rhe8 10. Nc3 Bxc3 11. Bxc3 Bxd5 12. 0-0-0 Qc5 13. b4 Nxb4 14. Qb2 Bxf3 15. Rxd8+ Rxd8 16. gxf3 Nd3+ 17. Bxd3 Rxd3 18. Rd1 Qxc4 19. Rxd3 Qxd3 20. Bxf6 Qf1+ 21. Kd2 Qxf2+ 22. Kc1 Qg1+ 23. Kc2 Qg6+ 24. Kc1 Qxf6 0-1

[Event "FRA-chT U20"]
[Site "Pau"]
[Date "2000.??.??"]
[Round "4"]
[White "Abergel, Thal"]
[Black "Minet, Steve"]
[Result "1/2-1/2"]
[WhiteElo "2278"]
[BlackElo "2131"]
[PlyCount "80"]
[EventDate "2000.??.??"]
[EventType "team-swiss"]
[EventCountry "FRA"]
[SourceTitle "EXT 2001"]
[Source "ChessBase"]
[SourceDate "2000.11.22"]
[SourceVersion "1"]
[SourceVersionDate "2000.11.22"]
[SourceQuality "1"]

1. e4 c5 2. Nf3 e6 3. d4 cxd4 4. Nxd4 Bc5 5. Nb3 Bb6 6. Bd3 Ne7 7. 0-0 Nbc6 8. Nc3 d5 9. exd5 Nxd5 10. Qg4 g6 11. Bg5 f6 12. Nxd5 exd5 13. Rfe1+ Kf7 14. Qf3 a5 15. a4 Nb4 16. Bf4 Nxd3 17. Qxd3 Bf5 18. Qd2 Rc8 19. c3 Qd7 20. Be3 Bc7 21. Nd4 Rhe8 22. b3 g5 23. Rad1 Rcd8 24. Nb5 Qc6 25. Nd4 Qd7 26. Qe2 Bg6 27. Nb5 Bf4 28. Qd2 Bxe3 29. Rxe3 Rxe3 30. fxe3 Be4 31. Rf1 Qg4 32. Rf2 Qe6 33. Qd4 b6 34. Kf1 Kg6 35. Rd2 Rc8 36. Na3 f5 37. c4 Qd6 38. Nb5 Qxh2 39. Qxb6+ Kg7 40. Qb7+ Kg6 1/2-1/2

[Event "Paris-ch op"]
[Site "Paris"]
[Date "1999.07.20"]
[Round "4"]
[White "Bergez, Luc"]
[Black "Minet, Steve"]
[Result "1-0"]
[WhiteElo "2373"]
[BlackElo "2095"]
[PlyCount "63"]
[EventDate "1999.07.17"]
[EventType "swiss"]
[EventRounds "9"]
[EventCountry "FRA"]
[SourceTitle "EXT 2000"]
[Source "ChessBase"]
[SourceDate "1999.11.16"]
[SourceVersion "1"]
[SourceVersionDate "1999.11.16"]
[SourceQuality "1"]

1. e4 e6 2. d4 c5 3. d5 exd5 4. exd5 d6 5. Nf3 Nf6 6. Nc3 Bg4 7. Be2 Bxf3 8. Bxf3 Be7 9. 0-0 0-0 10. Re1 Nbd7 11. Bf4 a6 12. a4 Ne8 13. Ne4 Ndf6 14. Ng3 Nc7 15. Nf5 Re8 16. Nxe7+ Rxe7 17. c4 Rxe1+ 18. Qxe1 Qd7 19. h3 Rb8 20. b4 b6 21. a5 Re8 22. Qf1 b5 23. bxc5 dxc5 24. Bxc7 Qxc7 25. cxb5 axb5 26. Qxb5 g6 27. Qc6 Qe5 28. Rc1 Qd4 29. a6 Qd2 30. Rf1 Kg7 31. d6 Re1 32. g3 1-0